[Event "Alushta Rapid op"]
[Site "Alushta"]
[Date "2023.07.13"]
[Round "9"]
[White "Mrykhin, Igor"]
[Black "Alexeev, Alexey"]
[Result "0-1"]
[WhiteElo "2129"]
[BlackElo "2224"]
[PlyCount "46"]
[EventDate "2023.07.11"]
[EventType "swiss (rapid)"]
[EventRounds "11"]
[EventCountry "UKR"]
[SourceTitle "CBM 215 Extra"]
[Source "ChessBase"]
[SourceDate "2023.09.30"]
[SourceVersion "1"]
[SourceVersionDate "2023.09.30"]
[SourceQuality "1"]

1. Nf3 d5 2. g3 c5 3. Bg2 Nf6 4. 0-0 Nc6 5. d4 e6 6. c4 Be7 7. cxd5 exd5 8. Nc3 0-0 9. Bg5 cxd4 10. Nxd4 h6 11. Bf4 Bg4 12. Qa4 Qd7 13. Rac1 Rac8 14. Rfe1 Rfe8 15. a3 Nxd4 16. Qxd4 Bc5 17. Qa4 Qe6 18. e4 Qb6 19. Be3 d4 20. Bxh6 dxc3 21. Be3 Bxe3 22. Rxe3 cxb2 23. Rb1 Rc1+ 0-1

[Event "Alushta op"]
[Site "Alushta"]
[Date "2023.07.07"]
[Round "6"]
[White "Mrykhin, Igor"]
[Black "Onischenko, Andrey"]
[Result "1-0"]
[WhiteElo "2129"]
[BlackElo "1912"]
[PlyCount "46"]
[EventDate "2023.07.02"]
[EventType "swiss"]
[EventRounds "9"]
[EventCountry "UKR"]
[SourceTitle "CBM 215 Extra"]
[Source "ChessBase"]
[SourceDate "2023.09.30"]
[SourceVersion "1"]
[SourceVersionDate "2023.09.30"]
[SourceQuality "1"]

1. e4 e5 2. Nf3 Nc6 3. Nc3 Nf6 4. g3 d5 5. exd5 Nxd5 6. Bg2 Be6 7. 0-0 f6 8. d4 Nxc3 9. bxc3 e4 10. Re1 exf3 11. Rxe6+ Kf7 12. Bh3 Qd5 13. Re3 Re8 14. Rxe8 Kxe8 15. Bg4 Kf7 16. Bxf3 Qa5 17. Qd3 Bd6 18. Qc4+ Ke7 19. Bd2 Rd8 20. Rb1 Kf8 21. Rxb7 Ne7 22. Rb5 Qa3 23. Qb3 Ng8 1-0

[Event "Alushta Rapid op"]
[Site "Alushta"]
[Date "2022.07.03"]
[Round "3"]
[White "Mrykhin, Igor"]
[Black "Lugovskoy, Maxim"]
[Result "0-1"]
[WhiteElo "2129"]
[BlackElo "2397"]
[PlyCount "64"]
[EventDate "2022.07.03"]
[EventType "swiss (rapid)"]
[EventRounds "11"]
[EventCountry "UKR"]
[SourceTitle "CBM 209 Extra"]
[Source "ChessBase"]
[SourceDate "2022.09.30"]
[SourceVersion "1"]
[SourceVersionDate "2022.09.30"]
[SourceQuality "1"]

1. e4 e6 2. d4 d5 3. Nd2 Nc6 4. Ngf3 Nf6 5. e5 Nd7 6. c3 Be7 7. Bd3 f6 8. exf6 Bxf6 9. 0-0 0-0 10. Re1 Re8 11. a4 Kh8 12. a5 e5 13. dxe5 Ndxe5 14. Nxe5 Nxe5 15. Nf3 Bg4 16. Be2 Bxf3 17. Bxf3 Nxf3+ 18. gxf3 Qd6 19. Ra4 c5 20. Bf4 Qc6 21. Rxe8+ Rxe8 22. Be3 d4 23. cxd4 cxd4 24. Rxd4 Bxd4 25. Qxd4 Qxf3 26. Qd7 Qc6 27. Qf7 a6 28. b4 Qg6+ 29. Qxg6 hxg6 30. Kg2 Kg8 31. Kf3 Kf7 32. Kg4 Re4+ 0-1

[Event "Moscow op-A 14th"]
[Site "Moscow"]
[Date "2018.02.02"]
[Round "7"]
[White "Mochalin, Faddey"]
[Black "Mrykhin, Igor"]
[Result "1/2-1/2"]
[WhiteElo "2079"]
[BlackElo "2183"]
[PlyCount "76"]
[EventDate "2018.01.27"]
[EventType "swiss"]
[EventRounds "9"]
[EventCountry "RUS"]
[SourceTitle "CBM 182 Extra"]
[Source "ChessBase"]
[SourceDate "2018.02.23"]
[SourceVersion "1"]
[SourceVersionDate "2018.02.23"]
[SourceQuality "1"]

1. d4 Nf6 2. c4 c5 3. d5 e6 4. Nc3 exd5 5. cxd5 Bd6 6. e4 0-0 7. f4 Nxe4 8. Nxe4 Re8 9. Qe2 Na6 10. g4 c4 11. Nh3 Nc5 12. Nhf2 b6 13. Bg2 Ba6 14. 0-0 c3 15. Qd1 cxb2 16. Bxb2 Bxf4 17. Qf3 Bxf1 18. Rxf1 Be5 19. Bxe5 Rxe5 20. Nxc5 bxc5 21. Nd3 Re8 22. Qxf7+ Kh8 23. Nxc5 Qb6 24. Qf2 Rac8 25. Nxd7 Qd6 26. Qf5 Rcd8 27. Be4 Rxe4 28. Qxe4 Qxd7 29. g5 a5 30. h4 Rc8 31. h5 Kg8 32. Qf3 Qe7 33. d6 Qxg5+ 34. Kh2 Qh4+ 35. Kg2 Qg5+ 36. Kh2 Qh4+ 37. Kg2 Qg5+ 38. Kh2 Qh4+ 1/2-1/2

[Event "Moscow op-A 14th"]
[Site "Moscow"]
[Date "2018.02.01"]
[Round "6"]
[White "Mrykhin, Igor"]
[Black "Larina, Marija"]
[Result "1-0"]
[WhiteElo "2183"]
[BlackElo "1975"]
[PlyCount "109"]
[EventDate "2018.01.27"]
[EventType "swiss"]
[EventRounds "9"]
[EventCountry "RUS"]
[SourceTitle "CBM 182 Extra"]
[Source "ChessBase"]
[SourceDate "2018.02.23"]
[SourceVersion "1"]
[SourceVersionDate "2018.02.23"]
[SourceQuality "1"]

1. e4 c6 2. Nf3 d5 3. Nc3 Bg4 4. h3 Bh5 5. g4 Bg6 6. exd5 cxd5 7. Bb5+ Nc6 8. Ne5 Qd6 9. d4 a6 10. Bxc6+ bxc6 11. Qe2 f6 12. Nxg6 hxg6 13. Bd2 c5 14. dxc5 Qxc5 15. Qd3 e6 16. Qxg6+ Kd7 17. Na4 Qd4 18. Nc3 Ne7 19. Qd3 Qe5+ 20. Qe2 Qd6 21. Na4 Qc6 22. b3 d4 23. 0-0-0 Rc8 24. Bb4 Ke8 25. Rhe1 e5 26. Bxe7 Bxe7 27. f4 Rxh3 28. fxe5 Re3 29. Qh2 fxe5 30. Rxe3 dxe3 31. c4 Qf6 32. Nc3 e4 33. Kc2 Ba3 34. Qh8+ Kf7 35. Rd7+ Be7 36. Qxc8 Qf2+ 37. Kb1 Qe1+ 38. Kc2 Qf2+ 39. Kc1 Qe1+ 40. Nd1 e2 41. Qb7 exd1Q+ 42. Rxd1 Qc3+ 43. Kb1 Qf3 44. Qd5+ Kg6 45. Qh5+ Kf6 46. g5+ Ke5 47. Qxf3 exf3 48. Re1+ Kd6 49. Rf1 Bxg5 50. Kc2 Kc5 51. Rxf3 Bf6 52. a3 a5 53. Rf5+ Kb6 54. Rb5+ Ka6 55. Kd3 1-0

[Event "Moscow op-A 14th"]
[Site "Moscow"]
[Date "2018.01.28"]
[Round "2"]
[White "Cherepanov, Vladislav"]
[Black "Mrykhin, Igor"]
[Result "1-0"]
[WhiteElo "2355"]
[BlackElo "2183"]
[PlyCount "89"]
[EventDate "2018.01.27"]
[EventType "swiss"]
[EventRounds "9"]
[EventCountry "RUS"]
[SourceTitle "CBM 182 Extra"]
[Source "ChessBase"]
[SourceDate "2018.02.23"]
[SourceVersion "1"]
[SourceVersionDate "2018.02.23"]
[SourceQuality "1"]

1. d4 Nf6 2. c4 c5 3. d5 e6 4. Nc3 exd5 5. cxd5 Bd6 6. Bg5 Bc7 7. d6 Ba5 8. Nf3 h6 9. Bh4 Nc6 10. e3 g5 11. Bg3 Ne4 12. Qc2 Nxc3 13. bxc3 Qf6 14. Rc1 b6 15. Bc4 Bb7 16. Qe4+ Kf8 17. Qd3 Re8 18. Bd5 Nd8 19. Bxb7 Nxb7 20. 0-0 Nd8 21. Nd2 Nc6 22. f4 Qe6 23. e4 gxf4 24. Bxf4 Rg8 25. Qf3 Rg6 26. e5 Kg7 27. Ne4 f5 28. Nf6 Rf8 29. Rc2 Rf7 30. Re2 b5 31. Nd5 Bd8 32. Rd1 b4 33. Qe3 bxc3 34. Qxc5 Rg4 35. Qxc3 Bb6+ 36. Kh1 h5 37. h3 Rg6 38. Bh2 Bd8 39. Nf4 Qe8 40. e6+ Bf6 41. Nxh5+ Kf8 42. e7+ Kg8 43. Nxf6+ Rgxf6 44. Qxc6 dxc6 45. d7 1-0

[Event "Chigorin Memorial 23rd"]
[Site "St Petersburg"]
[Date "2015.10.10"]
[Round "8"]
[White "Mrykhin, Igor"]
[Black "Karpenko, Artem"]
[Result "1-0"]
[WhiteElo "2146"]
[BlackElo "2274"]
[PlyCount "117"]
[EventDate "2015.10.03"]
[EventType "swiss"]
[EventRounds "9"]
[EventCountry "RUS"]
[SourceTitle "CBM 168 Extra"]
[Source "ChessBase"]
[SourceDate "2015.10.29"]
[SourceVersion "1"]
[SourceVersionDate "2015.10.29"]
[SourceQuality "1"]

1. Nf3 Nf6 2. c4 c6 3. b3 d5 4. Bb2 Bg4 5. e3 Nbd7 6. cxd5 cxd5 7. Be2 e6 8. h3 Bf5 9. Nh4 Bxb1 10. Qxb1 Bd6 11. Nf3 0-0 12. 0-0 Rc8 13. Rc1 Rxc1+ 14. Qxc1 Qe7 15. a3 e5 16. Qc2 Nb6 17. Qf5 Nfd7 18. Qb1 f5 19. d3 e4 20. Nd2 Ne5 21. Qf1 Nbd7 22. d4 Ng6 23. g3 Qg5 24. Qg2 Nf6 25. Rc1 Nh5 26. h4 Qh6 27. Rc3 Nf6 28. Bc1 Kh8 29. b4 Ne7 30. Nb3 b6 31. Bd1 Rg8 32. Bd2 g5 33. hxg5 Rxg5 34. Be1 Qg7 35. Nc1 Nh5 36. Bxh5 Rxh5 37. Ne2 Rh6 38. b5 Qf7 39. Rc2 Qe8 40. a4 Qf7 41. Bd2 Rg6 42. Qh3 Qe8 43. Rb2 Qc8 44. Bb4 Qc4 45. Bxd6 Rxd6 46. Qh5 Rg6 47. Kg2 Qc8 48. Rb1 Qd7 49. Nf4 Rg7 50. Qh6 Qc8 51. Qf6 Kg8 52. Qd6 Qc2 53. Rh1 Qc4 54. Rh6 Qc8 55. Nxd5 Nxd5 56. Qxd5+ Kh8 57. Rd6 Rg8 58. Qe5+ Rg7 59. Qf6 1-0

[Event "Chigorin Memorial 23rd"]
[Site "St Petersburg"]
[Date "2015.10.04"]
[Round "2"]
[White "Mrykhin, Igor"]
[Black "Dushin, Nikolay"]
[Result "1-0"]
[WhiteElo "2146"]
[BlackElo "1936"]
[PlyCount "77"]
[EventDate "2015.10.03"]
[EventType "swiss"]
[EventRounds "9"]
[EventCountry "RUS"]
[SourceTitle "CBM 168 Extra"]
[Source "ChessBase"]
[SourceDate "2015.10.29"]
[SourceVersion "1"]
[SourceVersionDate "2015.10.29"]
[SourceQuality "1"]

1. e4 c5 2. d4 cxd4 3. c3 d3 4. Bxd3 Nc6 5. Nf3 d6 6. 0-0 g6 7. Qe2 Bg7 8. Rd1 Bd7 9. Na3 Qc7 10. Bf4 a6 11. Nc4 b5 12. Ne3 Nf6 13. Nd5 Nxd5 14. exd5 Na5 15. Re1 Bg4 16. a4 Bxf3 17. gxf3 b4 18. Bxa6 bxc3 19. Bb5+ Kf8 20. bxc3 h6 21. Rab1 Bf6 22. c4 Kg7 23. Bc1 Ra7 24. Be3 Raa8 25. f4 Qc8 26. Bb6 Qh3 27. Qe3 Qxe3 28. fxe3 Rhc8 29. Rec1 g5 30. f5 Be5 31. Kg2 Kf6 32. e4 h5 33. h3 Rg8 34. Bd7 Bf4 35. Rc2 Rab8 36. c5 dxc5 37. Rxc5 Nb7 38. Rcb5 Be5 39. Ba7 1-0

[Event "Chigorin Memorial 22nd"]
[Site "St Petersburg"]
[Date "2014.10.25"]
[Round "8"]
[White "Mrykhin, Igor"]
[Black "Soldatov, Arnold"]
[Result "0-1"]
[WhiteElo "2151"]
[BlackElo "1984"]
[PlyCount "126"]
[EventDate "2014.10.18"]
[EventType "swiss"]
[EventRounds "9"]
[EventCountry "RUS"]
[SourceTitle "EXT 2015"]
[Source "ChessBase"]
[SourceDate "2014.11.20"]
[SourceVersion "1"]
[SourceVersionDate "2014.11.20"]
[SourceQuality "1"]

1. e4 c5 2. d4 cxd4 3. c3 dxc3 4. Nxc3 Nc6 5. Nf3 e6 6. Bc4 Bb4 7. Bd2 Nge7 8. a3 Bxc3 9. Bxc3 d5 10. exd5 Nxd5 11. Bxd5 exd5 12. 0-0 0-0 13. Qd3 Be6 14. Nd4 Nxd4 15. Qxd4 f6 16. Rae1 Re8 17. Re3 Bf7 18. Rg3 Kh8 19. Qg4 Bg6 20. f3 Rc8 21. Qh4 Kg8 22. Rd1 Rc4 23. Rg4 Qb6+ 24. Kh1 Qb3 25. Rg1 b5 26. h3 Qc2 27. Rxc4 dxc4 28. Qd4 a6 29. Qd5+ Bf7 30. Qb7 Qa4 31. Kh2 h6 32. Rc1 a5 33. Qa7 Re2 34. h4 Be8 35. Qb8 Kh7 36. Qc7 b4 37. axb4 axb4 38. Bxf6 Qd7 39. Qxd7 Bxd7 40. Bd4 Be6 41. Ra1 Rd2 42. Be5 Re2 43. Ra5 c3 44. bxc3 b3 45. c4 b2 46. Bxb2 Rxb2 47. c5 Rc2 48. Kg3 Rc4 49. Rb5 Bd5 50. Ra5 Bc6 51. Kh3 Kg6 52. Kg3 Kf6 53. Kh3 g6 54. Kg3 Kf5 55. Kh3 Ra4 56. Rxa4 Bxa4 57. Kg3 Ke5 58. Kg4 Bb5 59. Kg3 Bd7 60. Kf2 Kd4 61. g4 Kxc5 62. Kg3 Kd5 63. f4 Ke4 0-1

[Event "Chigorin Memorial 22nd"]
[Site "St Petersburg"]
[Date "2014.10.24"]
[Round "7"]
[White "Sergienko, Sergey"]
[Black "Mrykhin, Igor"]
[Result "1-0"]
[WhiteElo "2380"]
[BlackElo "2151"]
[PlyCount "153"]
[EventDate "2014.10.18"]
[EventType "swiss"]
[EventRounds "9"]
[EventCountry "RUS"]
[SourceTitle "EXT 2015"]
[Source "ChessBase"]
[SourceDate "2014.11.20"]
[SourceVersion "1"]
[SourceVersionDate "2014.11.20"]
[SourceQuality "1"]

1. e4 c5 2. Nf3 Nc6 3. Bb5 g6 4. Bxc6 bxc6 5. 0-0 Bg7 6. Re1 f6 7. c3 Nh6 8. d4 cxd4 9. cxd4 0-0 10. Nc3 Nf7 11. b3 d6 12. Bb2 Bd7 13. Rc1 Rc8 14. Rc2 Rc7 15. Qa1 Bg4 16. Nd2 e5 17. Nd1 Bc8 18. Ne3 Bb7 19. Bc3 Rd7 20. Nec4 Ba8 21. dxe5 Nxe5 22. Nxe5 dxe5 23. Nc4 Qe7 24. Rd2 Rxd2 25. Bxd2 c5 26. Qc3 Rd8 27. f3 f5 28. Qc2 fxe4 29. fxe4 Rd4 30. Bc3 Rd8 31. Qe2 Qg5 32. Nd2 Kh8 33. Nf3 Qe7 34. Bd2 h6 35. Qc4 Kh7 36. Be3 Bf8 37. Rf1 Rd7 38. Rc1 Qd8 39. h3 Rd1+ 40. Rxd1 Qxd1+ 41. Kh2 Qd6 42. Qf7+ Bg7 43. Qxa7 Bxe4 44. Qxc5 Qa6 45. Qc4 Qb7 46. Qe2 Bd5 47. Nd2 Qc7 48. Nc4 e4+ 49. Kg1 Bf8 50. Bd4 Bb4 51. Qf2 Be7 52. Ne3 Be6 53. Ng4 Bf5 54. Ne3 Be6 55. Nf1 h5 56. Qd2 g5 57. Qe3 Bd5 58. Ng3 Qc2 59. Qf2 Qc1+ 60. Kh2 Qc8 61. Nxh5 Qc7+ 62. Kh1 Kg6 63. Ng3 Qc1+ 64. Qg1 Qf4 65. Ne2 Qd2 66. Nc3 Bc6 67. Qe3 Qc2 68. Be5 Bf6 69. Bxf6 Kxf6 70. Kh2 Qd3 71. Qc5 Bd7 72. Nd5+ Kf7 73. Qe7+ Kg6 74. Qxd7 Qe2 75. Qe6+ Kg7 76. Ne7 Qxa2 77. Nf5+ 1-0

[Event "Krasnodar Region Cup"]
[Site "Krasnodar"]
[Date "2013.01.29"]
[Round "7"]
[White "Volynsky, Mark"]
[Black "Mrykhin, Igor"]
[Result "0-1"]
[WhiteElo "1894"]
[BlackElo "2135"]
[PlyCount "34"]
[EventDate "2013.01.23"]
[EventType "swiss"]
[EventRounds "8"]
[EventCountry "RUS"]
[SourceTitle "EXT 2023"]
[Source "ChessBase"]
[SourceDate "2022.10.05"]
[SourceVersion "1"]
[SourceVersionDate "2022.10.05"]
[SourceQuality "1"]

1. e4 c5 2. Nf3 Nc6 3. d4 cxd4 4. Nxd4 g6 5. Nc3 Bg7 6. Be3 Nf6 7. Nxc6 bxc6 8. e5 Ng8 9. Bd4 Qc7 10. f4 Nh6 11. e6 f6 12. exd7+ Bxd7 13. g3 Rd8 14. Qe2 c5 15. Nd5 Qd6 16. Nxe7 Kf8 17. Bf2 Bg4 0-1

[Event "Krasnodar Region Cup"]
[Site "Krasnodar"]
[Date "2013.01.27"]
[Round "5"]
[White "Bagdasarian, Semen"]
[Black "Mrykhin, Igor"]
[Result "0-1"]
[WhiteElo "1904"]
[BlackElo "2135"]
[PlyCount "106"]
[EventDate "2013.01.23"]
[EventType "swiss"]
[EventRounds "8"]
[EventCountry "RUS"]
[SourceTitle "EXT 2023"]
[Source "ChessBase"]
[SourceDate "2022.10.05"]
[SourceVersion "1"]
[SourceVersionDate "2022.10.05"]
[SourceQuality "1"]

1. e4 c5 2. Nf3 Nc6 3. d4 cxd4 4. Nxd4 g6 5. Nc3 Bg7 6. Be3 Nf6 7. f3 0-0 8. Bc4 Qb6 9. Qd2 Nxe4 10. fxe4 Bxd4 11. Bxd4 Qxd4 12. Qxd4 Nxd4 13. 0-0-0 Nc6 14. g4 d6 15. Be2 Be6 16. h4 Ne5 17. Rdg1 h6 18. Nb5 Rfc8 19. b3 a6 20. Nd4 Bd7 21. Kb2 b5 22. Rg3 Rc7 23. c3 Bc6 24. Re3 Rac8 25. Nc2 Bd7 26. Rg1 a5 27. Reg3 b4 28. c4 Rb8 29. Rd1 a4 30. Ne3 a3+ 31. Kb1 Rc5 32. Nd5 Kf8 33. Nf4 Bc6 34. Re3 g5 35. hxg5 hxg5 36. Nd3 Nxd3 37. Bxd3 Kg7 38. Rh1 Rh8 39. Rxh8 Kxh8 40. Kc2 Kg7 41. Kd2 Bd7 42. Rg3 Rc8 43. Bf1 Rh8 44. Bh3 Kf6 45. Ke3 Ke5 46. Bg2 Rh4 47. Bf3 Rh2 48. Bg2 f6 49. Kf3 Rh4 50. Bf1 Bc6 51. Bd3 Rh2 52. Bb1 Rb2 53. Rg1 Rxb1 0-1

[Event "Krasnodar Region Cup"]
[Site "Krasnodar"]
[Date "2013.01.23"]
[Round "1"]
[White "Trubchaninov, Artem"]
[Black "Mrykhin, Igor"]
[Result "0-1"]
[WhiteElo "1780"]
[BlackElo "2135"]
[PlyCount "57"]
[EventDate "2013.01.23"]
[EventType "swiss"]
[EventRounds "8"]
[EventCountry "RUS"]
[SourceTitle "EXT 2023"]
[Source "ChessBase"]
[SourceDate "2022.10.05"]
[SourceVersion "1"]
[SourceVersionDate "2022.10.05"]
[SourceQuality "1"]

1. e4 c5 2. Nf3 Nc6 3. Bb5 g6 4. c3 Bg7 5. d4 cxd4 6. cxd4 Qb6 7. Bxc6 dxc6 8. e5 Bg4 9. Qb3 Bxf3 10. gxf3 Nh6 11. Qxb6 axb6 12. Be3 Nf5 13. Ke2 c5 14. dxc5 Bxe5 15. Nc3 Nxe3 16. fxe3 bxc5 17. a3 0-0 18. Rac1 Rfd8 19. f4 Bg7 20. Rc2 f5 21. Rhc1 e5 22. Nb5 exf4 23. Rxc5 fxe3 24. R1c2 Bh6 25. Rc7 Rd2+ 26. Kf3 e2 27. Rc1 Rxb2 28. Re1 Rxb5 29. Rxe2 0-1

[Event "Krasnodar Region-ch"]
[Site "Krasnodar"]
[Date "2012.10.08"]
[Round "7"]
[White "Lugovskoy, Vladimir"]
[Black "Mrykhin, Igor"]
[Result "0-1"]
[WhiteElo "2006"]
[BlackElo "2110"]
[PlyCount "116"]
[EventDate "2012.10.02"]
[EventType "swiss"]
[EventRounds "9"]
[EventCountry "RUS"]
[SourceTitle "EXT 2013"]
[Source "ChessBase"]
[SourceDate "2012.11.22"]
[SourceVersion "1"]
[SourceVersionDate "2012.11.22"]
[SourceQuality "1"]

1. d4 d5 2. Nf3 Nf6 3. c4 c6 4. Nc3 a6 5. c5 Nbd7 6. b4 g6 7. a4 Bg7 8. Bb2 a5 9. b5 Ne4 10. Qc2 f5 11. e3 0-0 12. Ne2 Ndf6 13. h3 g5 14. Ne5 Nd7 15. Nd3 cxb5 16. axb5 Qc7 17. f3 Ng3 18. Nxg3 Qxg3+ 19. Qf2 Qc7 20. f4 gxf4 21. Qxf4 e5 22. Qg5 Kh8 23. Be2 e4 24. Nf4 Nf6 25. Ra4 Rg8 26. Qh4 Qf7 27. 0-0 Bf8 28. Rfa1 Be7 29. Qf2 Bd8 30. b6 Bd7 31. Rxa5 Rxa5 32. Rxa5 Be7 33. Ra7 Bc6 34. Bc3 Nd7 35. Ra1 Bf6 36. Bb4 Qe7 37. Nh5 Bh4 38. g3 Nxb6 39. Kh2 Bg5 40. Rb1 Nd7 41. Ba5 Nf8 42. Bd2 Ng6 43. Qf1 Ra8 44. Ra1 Rxa1 45. Qxa1 Qe8 46. Qf1 Bd7 47. h4 Bh6 48. Qf2 Be6 49. Bf1 Qb8 50. Kg1 Qa8 51. Bh3 Qf8 52. Ba5 Qf7 53. Qe2 Bc8 54. Bd8 Ne7 55. Bc7 Bxe3+ 56. Kg2 Bxd4 57. Qd2 Nc6 58. Bd6 Qxh5 0-1

[Event "Krasnodar Region-ch"]
[Site "Krasnodar"]
[Date "2012.10.07"]
[Round "6"]
[White "Mrykhin, Igor"]
[Black "Volynsky, Mark"]
[Result "1-0"]
[WhiteElo "2110"]
[BlackElo "1904"]
[PlyCount "75"]
[EventDate "2012.10.02"]
[EventType "swiss"]
[EventRounds "9"]
[EventCountry "RUS"]
[SourceTitle "EXT 2013"]
[Source "ChessBase"]
[SourceDate "2012.11.22"]
[SourceVersion "1"]
[SourceVersionDate "2012.11.22"]
[SourceQuality "1"]

1. e4 c5 2. d4 cxd4 3. c3 dxc3 4. Nxc3 Nc6 5. Nf3 d6 6. Bc4 e6 7. 0-0 Nf6 8. Qe2 Be7 9. Rd1 Bd7 10. Bf4 e5 11. Bg5 Be6 12. Bb5 Bg4 13. h3 Bxf3 14. Qxf3 0-0 15. Be3 Rc8 16. a3 a6 17. Bc4 Qc7 18. Ba2 Qb8 19. Rac1 b5 20. b4 a5 21. Nd5 Nxd5 22. Bxd5 Nd4 23. Bxd4 exd4 24. Rxc8 Qxc8 25. bxa5 Bf6 26. e5 dxe5 27. Bb7 Qc5 28. a6 Be7 29. Rb1 Rd8 30. Qd3 Bd6 31. g3 Bb8 32. Rxb5 Qc3 33. Be4 Qe1+ 34. Kg2 g6 35. Rxb8 Rxb8 36. a7 Rf8 37. a8Q Rxa8 38. Bxa8 1-0

[Event "Krasnodar Region-ch"]
[Site "Krasnodar"]
[Date "2012.10.04"]
[Round "3"]
[White "Lugovskoy, Dmitriy"]
[Black "Mrykhin, Igor"]
[Result "1-0"]
[WhiteElo "2011"]
[BlackElo "2110"]
[PlyCount "95"]
[EventDate "2012.10.02"]
[EventType "swiss"]
[EventRounds "9"]
[EventCountry "RUS"]
[SourceTitle "EXT 2013"]
[Source "ChessBase"]
[SourceDate "2012.11.22"]
[SourceVersion "1"]
[SourceVersionDate "2012.11.22"]
[SourceQuality "1"]

1. d4 d5 2. Nf3 Nf6 3. g3 Bf5 4. Bg2 e6 5. 0-0 Be7 6. c4 c6 7. b3 Nbd7 8. Nc3 Ne4 9. Nxe4 Bxe4 10. Nd2 Bxg2 11. Kxg2 0-0 12. e4 dxe4 13. Nxe4 Nf6 14. Ng5 Qa5 15. Qc2 Rfd8 16. Rd1 Rac8 17. Bd2 Qb6 18. c5 Qa6 19. Bf4 h6 20. Ne4 Nxe4 21. Qxe4 Rd5 22. Be5 Rcd8 23. a4 f6 24. Bc7 R8d7 25. Qxe6+ Kh8 26. Bd6 R7xd6 27. cxd6 Bxd6 28. h4 Bb4 29. Qe8+ Kh7 30. Ra2 Qb6 31. Re2 Qc7 32. Qe4+ f5 33. Qe6 Qd7 34. Qxd7 Rxd7 35. h5 Bc3 36. Re5 f4 37. gxf4 b6 38. Re6 c5 39. d5 Kg8 40. Kf3 Bd4 41. Ke4 Bxf2 42. d6 Bh4 43. f5 Bd8 44. Kd5 Bg5 45. Kc6 Rd8 46. d7 Kf7 47. Rde1 Rb8 48. Re8 1-0

[Event "Anapa op"]
[Site "Anapa"]
[Date "2012.09.04"]
[Round "5"]
[White "Isaev, Evgeny"]
[Black "Mrykhin, Igor"]
[Result "0-1"]
[WhiteElo "1926"]
[BlackElo "2119"]
[PlyCount "66"]
[EventDate "2012.08.30"]
[EventType "swiss"]
[EventRounds "9"]
[EventCountry "RUS"]
[SourceTitle "CBM 150 Extra"]
[Source "ChessBase"]
[SourceDate "2012.10.19"]
[SourceVersion "1"]
[SourceVersionDate "2012.10.19"]
[SourceQuality "1"]

1. d4 d5 2. c4 c6 3. Nc3 Nf6 4. Nf3 a6 5. e3 b5 6. b3 Bg4 7. h3 Bxf3 8. Qxf3 e6 9. Bd3 Bb4 10. Bd2 Qa5 11. Nb1 Bxd2+ 12. Nxd2 Qc3 13. Ke2 Nbd7 14. Rhc1 Qa5 15. e4 bxc4 16. bxc4 e5 17. Nb3 Qb6 18. cxd5 cxd5 19. exd5 0-0 20. Rc6 Qb4 21. a3 Qb7 22. Nd2 e4 23. Nxe4 Qb2+ 24. Bc2 Qxa1 25. Rxf6 Qxd4 26. Qf5 Rae8 27. Rd6 Nc5 28. Kf3 Nxe4 29. Bxe4 g6 30. Qf4 f5 31. Bb1 Qc3+ 32. Qe3 Rxe3+ 33. fxe3 Re8 0-1

[Event "Yuzhny FO-ch op"]
[Site "Armavir"]
[Date "2011.03.16"]
[Round "5"]
[White "Mrykhin, Igor"]
[Black "Perekrestov, Viktor"]
[Result "1-0"]
[WhiteElo "2129"]
[BlackElo "1884"]
[PlyCount "91"]
[EventDate "2011.03.12"]
[EventType "swiss"]
[EventRounds "9"]
[EventCountry "RUS"]
[SourceTitle "CBM 141 Extra"]
[Source "ChessBase"]
[SourceDate "2011.05.03"]
[SourceVersion "1"]
[SourceVersionDate "2011.05.03"]
[SourceQuality "1"]

1. e4 e5 2. Nf3 Nc6 3. Bc4 Bc5 4. 0-0 Nf6 5. d4 Bxd4 6. Nxd4 Nxd4 7. f4 Nc6 8. Bxf7+ Kxf7 9. fxe5 Nxe5 10. Qd5+ Ke8 11. Qxe5+ Qe7 12. Qxc7 d6 13. Qxe7+ Kxe7 14. Nc3 h6 15. Bf4 Be6 16. Rad1 Rhd8 17. Rd2 Rd7 18. Re1 Ne8 19. Nd5+ Kf7 20. c4 Rc8 21. b3 Bxd5 22. exd5 Re7 23. Rde2 Rxe2 24. Rxe2 Rc7 25. Re6 Re7 26. Bxd6 Rxe6 27. dxe6+ Kxe6 28. Bb8 a6 29. Kf2 Kf5 30. Ke3 Nf6 31. h3 h5 32. b4 g5 33. a4 Ke6 34. Kd4 Nd7 35. Bc7 Nf6 36. Bd8 Nh7 37. Ke4 Kd7 38. Bb6 Ke6 39. Bd4 Nf8 40. g4 hxg4 41. hxg4 Ng6 42. a5 Ne7 43. b5 Nc8 44. Bc5 Kf6 45. Kd5 Kf7 46. Ke5 1-0

[Event "Yuzhny FO-ch op"]
[Site "Armavir"]
[Date "2011.03.15"]
[Round "4"]
[White "Kvanin, Georgy"]
[Black "Mrykhin, Igor"]
[Result "1-0"]
[WhiteElo "1965"]
[BlackElo "2129"]
[PlyCount "59"]
[EventDate "2011.03.12"]
[EventType "swiss"]
[EventRounds "9"]
[EventCountry "RUS"]
[SourceTitle "CBM 141 Extra"]
[Source "ChessBase"]
[SourceDate "2011.05.03"]
[SourceVersion "1"]
[SourceVersionDate "2011.05.03"]
[SourceQuality "1"]

1. e4 e5 2. Nf3 Nc6 3. Nc3 Nf6 4. Bb5 Bb4 5. 0-0 0-0 6. d3 Re8 7. Bg5 Bxc3 8. bxc3 a6 9. Ba4 b5 10. Bb3 h6 11. Bh4 Na5 12. Re1 Nxb3 13. cxb3 Bb7 14. Qd2 c5 15. d4 exd4 16. e5 dxc3 17. Qc1 Bxf3 18. gxf3 d5 19. Kh1 Qc7 20. Bxf6 Kh7 21. Qc2+ g6 22. Qxc3 d4 23. Qd3 Qb6 24. Rac1 Rac8 25. Re4 Qa5 26. Rh4 c4 27. Qxd4 h5 28. Rxh5+ gxh5 29. Qe4+ Kg8 30. Rg1+ 1-0